000 00458nam a2200181Ia 4500
005 20240823054936.0
008 240823s9999||||xx |||||||||||||| ||und||
020 _a978-81-8472-156-0
041 _aENGLISH
082 _A621.38835 Q5
100 _aAmsaveni A
245 0 _aAntennas and Wave Propagation
250 _a3rd
260 _c2015
_bAnuradha Publica
500 _aTRANSFERED
650 _aAntennas and Propagation
_bElectronics
942 _cBK
999 _c227639
_d227639